01134nam a2200193Ia 4500001001100000003001000011008004100021040002500062041001300087100002200100245006000122250001100182260008200193300001200275500026000287501011400547520026000661650001900921L942-43506IT-CnALBA170116s9999||||xx |||||||||||||| ||und|| aIT-CnALBAcIT-CnALBA aITALIANO aETTINGER ELZBIETA 0aHANNAH ARENDT E MARTIN HEIDEGGER. UNA STORIA DI AMORE.  a1a ed. aMILANObGARZANTI ALDO EDITORE c1996 [1° Ed.:1996 - Ed.Ling.Originale: 1995] a125 p.  aTRADUZIONE DALL'INGLESE. 1924, INIZIO DELL'AMORE TRA IL PROFESSORE E LA STUDENTESSA EBREA. SEDUZIONE FISICA E INTELLETTUALE. HEIDEGGER PREOCCUPATO PER LA FAMIGLIA E LA CARRIERA. MANIPOLAZIONE DELL'AMANTE. BREVE INTERVALLO. PROFESSORE NAZISTA. DONNA ABBAND aSocietà San Paolo EM - Piazza San Paolo, 14 - 12051 ALBA (CN) (non commercial uses only) ® Copyright 2017 aTRADUZIONE DALL'INGLESE. 1924, INIZIO DELL'AMORE TRA IL PROFESSORE E LA STUDENTESSA EBREA. SEDUZIONE FISICA E INTELLETTUALE. HEIDEGGER PREOCCUPATO PER LA FAMIGLIA E LA CARRIERA. MANIPOLAZIONE DELL'AMANTE. BREVE INTERVALLO. PROFESSORE NAZISTA. DONNA ABBAND aSTORIA MODERNA